Cómo realizar buenos informes (Registro nro. 8549)
[ vista simple ]
| 000 -CABECERA | |
|---|---|
| campo de control de longitud fija | 00647aam a2200241 4500 |
| 005 - FECHA Y HORA DE ACTUALIZACIÓN | |
| campo de control | 20170303144212.0 |
| 008 - LONGITUD FIJA | |
| campo de control de longitud fija | 150713b xxu||||| |||| 00| 0 spa d |
| 020 ## - INTERNATIONAL STANDARD BOOK NUMBER | |
| Número Internacional Estándar del Libro | 9788496743397 |
| 041 ## - IDIOMA | |
| Código de idioma del texto/pista de sonido o título separado | |
| 082 ## - CLASIFICACIÓN DECIMAL DEWEY | |
| Número de clasificación | 461 C793co |
| 100 ## - AUTOR PERSONAL | |
| Nombre de persona | Córcoles Cubero, Ana Isabel |
| 245 ## - TÍTULO PROPIAMENTE DICHO | |
| Título | Cómo realizar buenos informes |
| 260 ## - PIE DE IMPRENTA | |
| Lugar de publicación, distribución, etc. | España |
| 260 ## - PIE DE IMPRENTA | |
| Nombre del editor, distribuidor, etc. | Fundación Confemetal |
| 260 ## - PIE DE IMPRENTA | |
| Fecha de publicación, distribución, etc. | 2016 |
| 300 ## - DESCRIPCIÓN FÍSICA | |
| Extensión | 135 páginas |
| 650 ## - Materia General | |
| Materia general | COMUNICACIÓN ESCRITA |
| 650 ## - Materia General | |
| Materia general | INFORMES |
| 650 ## - Materia General | |
| Materia general | TÉCNICAS DE REDACCIÓN |
| 650 ## - Materia General | |
| Materia general | TIPOS DE INFORME |
| 650 ## - Materia General | |
| Materia general | SIGNOS DE PUNTUACIÓN |
| 942 ## - Punto de Acceso Adicional Koha | |
| Tipo de ítem Koha | Libro |
| Estado perdido | Estado dañado | No para préstamo | Biblioteca permanente | Biblioteca actual | Signatura completa | Código de barras | Precio efectivo a partir del | Tipo de ítem |
|---|---|---|---|---|---|---|---|---|
| Departamento de Biblioteca y Documentación Alfonso Chase Brenes | Departamento de Biblioteca y Documentación Alfonso Chase Brenes | 461 C793co | 21617 | 03/03/2017 | Libro | |||
| Departamento de Biblioteca y Documentación Alfonso Chase Brenes | Departamento de Biblioteca y Documentación Alfonso Chase Brenes | 461 C793co | 21618 | 03/03/2017 | Libro | |||
| Departamento de Biblioteca y Documentación Alfonso Chase Brenes | Departamento de Biblioteca y Documentación Alfonso Chase Brenes | 461 C793co | 21619 | 03/03/2017 | Libro |